[Event "4NCL 2017-18"]
[Site "England ENG"]
[Date "2018.02.10"]
[Round "5.78"]
[White "Visa Jordana, Joel"]
[Black "Nelson, Jonathan P"]
[Result "1/2-1/2"]
[WhiteElo "2222"]
[BlackElo "2180"]
[WhiteTeam "Grantham Sharks"]
[BlackTeam "Blackthorne Russia"]
[WhiteFideId "22201823"]
[BlackFideId "404195"]
[EventDate "2017.11.11"]

1. d4 Nf6 2. c4 d6 3. Nc3 e5 4. Bg5 Be7 5. e3 O-O 6. dxe5 dxe5 7. Qxd8 Bxd8 8.
Nf3 Nc6 9. Be2 Be6 10. O-O Nd7 11. Bxd8 Rfxd8 12. Ng5 Bf5 13. Rfd1 h6 14. Nge4
Bg6 15. Rd2 f5 16. Ng3 Nc5 17. Rad1 Rxd2 18. Rxd2 Rd8 19. Nd5 Kf7 20. Rd1 Ne6
21. h4 f4 22. Nf1 Bc2 23. Rd2 Bf5 24. Bh5+ g6 25. Bf3 e4 26. Bd1 g5 27. hxg5
hxg5 28. Bc2 Ne5 29. b3 Bg6 30. Nc3 Nd3 31. Bxd3 exd3 32. Nh2 Bh5 33. Nf3 Bxf3
34. gxf3 a5 35. Kg2 Kg6 36. Ne4 Kf5 37. Nc3 c6 38. Na4 Ke5 39. Kg1 Kf5 40. Kg2
Ke5 41. Kg1 Kf5 42. Kg2 Ke5 43. Kg1 1/2-1/2

[Event "4NCL 2017-18"]
[Site "England ENG"]
[Date "2018.02.10"]
[Round "5.81"]
[White "Greet, Andrew N"]
[Black "Bisby, Daniel L"]
[Result "1-0"]
[WhiteTitle "IM"]
[BlackTitle "FM"]
[WhiteElo "2442"]
[BlackElo "2322"]
[WhiteTeam "Alba"]
[BlackTeam "Cambridge University"]
[WhiteFideId "405817"]
[BlackFideId "404586"]
[EventDate "2017.11.11"]

1. d4 Nf6 2. c4 g6 3. g3 Bg7 4. Bg2 O-O 5. Nc3 d6 6. Nf3 c6 7. O-O Bf5 8. Ne1
Qc8 9. e4 Bh3 10. Bxh3 Qxh3 11. f4 c5 12. dxc5 Nc6 13. Nf3 dxc5 14. e5 Ng4 15.
Ne4 Nd4 16. Neg5 Nxf3+ 17. Nxf3 f6 18. e6 f5 19. Qe2 Rad8 20. Be3 Nxe3 21. Qxe3
Bxb2 22. Rad1 g5 23. Rxd8 Rxd8 24. Qxc5 Kf8 25. Qf2 Bf6 26. Nxg5 Qh5 27. Nf3 b6
28. Qe2 Rd4 29. Re1 Re4 30. Qd3 Rxc4 31. Qxc4 Qxf3 32. Rf1 Qe3+ 33. Kg2 Bd4 34.
Kh3 Bc5 35. Qd5 Qe4 36. Qe5 Kg8 37. Re1 Qc2 38. Qb8+ Kg7 39. Qe8 Qd3 40. Qf7+
Kh6 1-0

[Event "4NCL 2017-18"]
[Site "England ENG"]
[Date "2018.02.10"]
[Round "5.82"]
[White "Murphy, Conor E"]
[Black "Sreeves, Clement"]
[Result "1-0"]
[WhiteTitle "FM"]
[BlackTitle "FM"]
[WhiteElo "2336"]
[BlackElo "2389"]
[WhiteTeam "Cambridge University"]
[BlackTeam "Alba"]
[WhiteFideId "421669"]
[BlackFideId "2402564"]
[EventDate "2017.11.11"]

1. c4 Nf6 2. g3 c6 3. Bg2 d5 4. Nf3 Bf5 5. cxd5 cxd5 6. Qb3 Nc6 7. Qxb7 Bd7 8.
Qb3 Rb8 9. Qd1 e5 10. d4 Bb4+ 11. Nc3 Ne4 12. Bd2 Qa5 13. dxe5 Bxc3 14. bxc3 Rb2
15. O-O Bg4 16. Be1 Qc5 17. Nd4 Nxe5 18. f3 Nxc3 19. Bxc3 Qxc3 20. fxg4 O-O 21.
Nf5 Nxg4 22. Qd4 Qxd4+ 23. Nxd4 Ne3 24. Rf3 Re8 25. Bh3 Rd2 26. Rb1 g6 27. Rb3
Nc4 28. Rfd3 Rxa2 29. Bg2 Re5 30. Rb5 Ne3 31. Rb1 a5 32. Bf3 a4 33. Nc6 Re6 34.
Nb4 Rb6 35. Rxe3 Rd2 36. Ra3 Rd4 37. Rxa4 Kg7 38. Rb2 h5 39. Nd3 1-0

[Event "4NCL 2017-18"]
[Site "England ENG"]
[Date "2018.02.10"]
[Round "5.83"]
[White "MacQueen, Calum"]
[Black "Kalavannan, Koby"]
[Result "0-1"]
[WhiteElo "2243"]
[BlackElo "2277"]
[WhiteTeam "Alba"]
[BlackTeam "Cambridge University"]
[WhiteFideId "2402270"]
[BlackFideId "425753"]
[EventDate "2017.11.11"]

1. d4 Nf6 2. c4 g6 3. Nc3 Bg7 4. e4 d6 5. Nf3 O-O 6. Be2 e5 7. Be3 Nbd7 8. O-O
Qe7 9. Qc2 exd4 10. Nxd4 c6 11. Rfe1 Nc5 12. f3 a5 13. Rad1 Rd8 14. Bf1 Be6 15.
Nxe6 Nxe6 16. Bb6 Rdc8 17. Bf2 Nd7 18. Qd2 Ne5 19. Kh1 Bf8 20. Bg3 g5 21. Na4
Rd8 22. Nb6 Rab8 23. Qxa5 Bg7 24. Qd2 Qf6 25. Be2 h5 26. h3 Nf4 27. b4 Bh6 28.
Bxf4 gxf4 29. Qc3 Bg7 30. c5 Qh4 31. cxd6 Ng4 32. Qxg7+ Kxg7 33. fxg4 Rxd6 34.
Nc4 Rxd1 35. Rxd1 Qf2 36. Bf3 hxg4 37. Bxg4 Qxa2 38. Nd6 Qb3 39. e5 Qc3 40. Rd4
Qe1+ 41. Kh2 Qg3+ 42. Kh1 Qe1+ 43. Kh2 Qxe5 0-1

[Event "4NCL 2017-18"]
[Site "England ENG"]
[Date "2018.02.10"]
[Round "5.84"]
[White "Ross, Chris N"]
[Black "McKay, Roderick M"]
[Result "0-1"]
[WhiteTitle "CM"]
[BlackTitle "IM"]
[WhiteElo "2203"]
[BlackElo "2312"]
[WhiteTeam "Cambridge University"]
[BlackTeam "Alba"]
[WhiteFideId "410411"]
[BlackFideId "2400049"]
[EventDate "2017.11.11"]

1. e4 Nf6 2. e5 Nd5 3. d4 d6 4. c4 Nb6 5. exd6 cxd6 6. Nc3 g6 7. Be3 Bg7 8. Qd2
Nc6 9. Rc1 O-O 10. b3 e5 11. d5 Nd4 12. Bd3 Nd7 13. Nge2 Nc5 14. O-O Qa5 15.
Rcd1 Nxd3 16. Qxd3 Nxe2+ 17. Nxe2 Qxa2 18. c5 dxc5 19. Bxc5 e4 20. Qe3 Re8 21.
Rd2 Qa6 22. Ng3 Bd7 23. Bd4 Bxd4 24. Qxd4 f5 25. Rc1 Rac8 26. Rxc8 Rxc8 27. h4
Qd6 28. h5 b6 29. hxg6 hxg6 30. Ne2 Kf7 31. g3 Qf6 32. Qb4 Qa1+ 33. Kg2 Qe1 34.
Qd6 Rd8 35. Ra2 a5 36. Nf4 Qf1+ 37. Kxf1 Bb5+ 38. Ke1 Rxd6 39. Rc2 g5 40. Ne6
Rxd5 41. Nxg5+ Kf6 42. Nh7+ Ke5 43. Rc8 Bd3 44. Nf8 Rb5 45. Rc3 a4 46. bxa4 Rb1+
47. Kd2 Rb2+ 48. Kc1 Rxf2 49. Nd7+ Kd4 50. Rc6 e3 51. Nxb6 Rf1+ 52. Kb2 e2 0-1

[Event "4NCL 2017-18"]
[Site "England ENG"]
[Date "2018.02.10"]
[Round "5.85"]
[White "Berry, Neil"]
[Black "Hill, Alistair"]
[Result "1-0"]
[WhiteTitle "FM"]
[WhiteElo "2265"]
[BlackElo "2197"]
[WhiteTeam "Alba"]
[BlackTeam "Cambridge University"]
[WhiteFideId "2400650"]
[BlackFideId "432407"]
[EventDate "2017.11.11"]

1. d4 Nf6 2. c4 g6 3. g3 c6 4. Bg2 d5 5. Qa4 Nfd7 6. cxd5 Nb6 7. Qb3 cxd5 8. Nc3
Nc6 9. e3 e6 10. Nge2 Bg7 11. O-O O-O 12. Qd1 a5 13. b3 Qe7 14. a4 Nb4 15. Ba3
Nd7 16. Qd2 Nb8 17. Na2 N8a6 18. Nf4 Rd8 19. Rfc1 Bf8 20. Nd3 b6 21. Bf1 Bb7 22.
Ne5 Qg5 23. Bxb4 axb4 24. Bxa6 Bxa6 25. Nxb4 Bd6 26. f4 Qf5 27. Nxa6 Bxe5 28.
fxe5 Rxa6 29. Rc7 Qe4 30. Rf1 Rf8 31. Qf2 1-0

[Event "4NCL 2017-18"]
[Site "England ENG"]
[Date "2018.02.10"]
[Round "5.86"]
[White "Spencer, Carl J"]
[Black "White, Stuart A"]
[Result "1/2-1/2"]
[WhiteElo "2152"]
[BlackElo "2150"]
[WhiteTeam "Cambridge University"]
[BlackTeam "Alba"]
[WhiteFideId "412171"]
[BlackFideId "407747"]
[EventDate "2017.11.11"]

1. e4 c5 2. Nf3 d6 3. Bb5+ Bd7 4. Bxd7+ Qxd7 5. O-O Nf6 6. Nc3 Nc6 7. d4 cxd4 8.
Nxd4 g6 9. f3 Bg7 10. Be3 O-O 11. Qd2 Ne5 12. Rfd1 Nc4 13. Qc1 Nxe3 14. Qxe3
Rac8 15. Rac1 a6 16. a4 Qc7 17. Nce2 Nd7 18. c4 Qa5 19. b3 Qb6 20. Rb1 Rfe8 21.
Nc2 Qa5 22. Rd5 Qc7 23. Nc3 Nf6 24. Rd3 Qa5 25. Nd5 Nxd5 26. Rxd5 Qc7 27. Rbd1
Rcd8 28. Kf1 e6 29. R5d3 d5 30. Qd2 Qxh2 31. cxd5 Qh1+ 32. Kf2 Qh4+ 33. Kf1 Qh1+
34. Kf2 Qh4+ 1/2-1/2

[Event "4NCL 2017-18"]
[Site "England ENG"]
[Date "2018.02.10"]
[Round "5.87"]
[White "Findlay, David John"]
[Black "Robertson, J Stuart"]
[Result "1/2-1/2"]
[WhiteElo "2188"]
[BlackElo "2120"]
[WhiteTeam "Alba"]
[BlackTeam "Cambridge University"]
[WhiteFideId "2400278"]
[BlackFideId "417114"]
[EventDate "2017.11.11"]

1. e4 c5 2. Nf3 Nc6 3. Bb5 d6 4. O-O Bd7 5. Re1 Nf6 6. b3 a6 7. Bf1 Bg4 8. h3
Bh5 9. d3 e6 10. Bb2 Be7 11. Nbd2 O-O 12. c3 Rc8 13. Qc2 b5 14. Be2 d5 15. Rad1
Qb6 16. Nh2 Bg6 17. Ng4 Nh5 18. Nf3 Qb8 19. exd5 exd5 20. Bf1 Bd6 21. Nh4 d4 22.
Nxg6 hxg6 23. g3 f5 24. Nh2 f4 25. g4 f3 26. Nxf3 Rxf3 27. gxh5 Rcf8 28. Re2 Qd8
29. Bg2 Qh4 30. Qd2 Ne5 31. cxd4 cxd4 32. Re4 Qxh5 33. Qe2 Rxf2 34. Qxh5 gxh5
35. Bxd4 1/2-1/2

[Event "4NCL 2017-18"]
[Site "England ENG"]
[Date "2018.02.10"]
[Round "5.88"]
[White "Ivanov, Elizabeth"]
[Black "Roy, Ali"]
[Result "0-1"]
[WhiteElo "1558"]
[BlackElo "1923"]
[WhiteTeam "Cambridge University"]
[BlackTeam "Alba"]
[WhiteFideId "427284"]
[BlackFideId "2400456"]
[EventDate "2017.11.11"]

1. e4 e6 2. d4 d5 3. exd5 exd5 4. Bd3 Bd6 5. Ne2 Nc6 6. c3 Bg4 7. f3 Be6 8. Bf4
Nge7 9. Nd2 Qd7 10. Qc2 O-O-O 11. b4 Kb8 12. a4 Bxf4 13. Nxf4 Bf5 14. Nb3 Bxd3
15. Qxd3 Rde8 16. Kf2 g5 17. Ne2 f5 18. Nc5 Qd6 19. a5 f4 20. Ra2 Qg6 21. Qb5
Nd8 22. Rha1 Qc6 23. Qd3 Ne6 24. Nc1 Nxc5 25. dxc5 Ng6 26. Nb3 Re3 27. Qf1 Rxc3
28. Nd4 Qf6 29. Rd2 Qe5 30. Re1 Re3 31. Red1 Re8 32. a6 Qf6 33. axb7 Ne5 34. Qb5
c6 35. Qa6 Qe7 36. Nxc6+ Nxc6 37. Qxc6 Re2+ 38. Kf1 Rxd2 39. Rxd2 Qe1# 0-1

[Event "4NCL 2017-18"]
[Site "England ENG"]
[Date "2018.02.11"]
[Round "6.18"]
[White "Hebden, Mark L"]
[Black "Bentley, John L"]
[Result "1-0"]
[WhiteTitle "GM"]
[WhiteElo "2458"]
[BlackElo "2151"]
[WhiteTeam "Guildford"]
[BlackTeam "3Cs"]
[WhiteFideId "400084"]
[BlackFideId "409901"]
[EventDate "2017.11.11"]

1. d4 Nf6 2. Bf4 g6 3. Nc3 d5 4. Qd2 Bg7 5. Bh6 O-O 6. Bxg7 Kxg7 7. f3 c5 8. e3
Nc6 9. g4 Qa5 10. Bb5 e5 11. dxe5 Nxg4 12. Bxc6 d4 13. exd4 cxd4 14. Qxd4 bxc6
15. fxg4 Rd8 16. Qf4 Rb8 17. Ne2 Rxb2 18. O-O Be6 19. Qf6+ Kg8 20. Nf4 1-0

[Event "4NCL 2017-18"]
[Site "England ENG"]
[Date "2018.02.11"]
[Round "6.51"]
[White "Toma, Katarzyna"]
[Black "Howell, David W L"]
[Result "0-1"]
[WhiteTitle "WGM"]
[BlackTitle "GM"]
[WhiteElo "2264"]
[BlackElo "2701"]
[WhiteTeam "West is Best"]
[BlackTeam "Cheddleton"]
[WhiteFideId "1119907"]
[BlackFideId "410608"]
[EventDate "2017.11.11"]

1. e4 c6 2. d4 d5 3. exd5 cxd5 4. Bd3 Nc6 5. c3 Qc7 6. Ne2 Bg4 7. f3 Bd7 8. Bf4
e5 9. Bg3 Bd6 10. Na3 a6 11. Nc2 Nge7 12. Qd2 O-O 13. O-O b5 14. Kh1 Rfe8 15.
Rae1 Nc8 16. dxe5 Nxe5 17. Bxe5 Rxe5 18. Ng3 Nb6 19. Rxe5 Bxe5 20. f4 Bd6 21.
Nd4 Re8 22. Qf2 Bf8 23. Nh5 Qd8 24. f5 Nc4 25. Nf4 Bc8 26. h3 Bb7 27. b3 Nd6 28.
Re1 Ne4 29. Bxe4 dxe4 30. Qe3 Qc7 31. Nfe2 Qe5 32. Rf1 Rc8 33. g3 a5 34. Kh2 b4
35. c4 Rd8 36. Rd1 Bc5 37. Rd2 Qf6 38. Kg2 h6 39. Rd1 Kh7 40. Rd2 Rd6 41. Rd1 a4
42. Rd2 Qe5 43. Rd1 axb3 44. axb3 Ra6 45. Rd2 Ra1 46. Kf2 Bc8 47. Qf4 e3+ 0-1

[Event "4NCL 2017-18"]
[Site "England ENG"]
[Date "2018.02.11"]
[Round "6.52"]
[White "Hawkins, Jonathan"]
[Black "Rees, Ioan"]
[Result "1-0"]
[WhiteTitle "GM"]
[BlackTitle "FM"]
[WhiteElo "2589"]
[BlackElo "2278"]
[WhiteTeam "Cheddleton"]
[BlackTeam "West is Best"]
[WhiteFideId "412686"]
[BlackFideId "1801236"]
[EventDate "2017.11.11"]

1. Nf3 Nf6 2. c4 e6 3. g3 d5 4. d4 dxc4 5. Bg2 a6 6. O-O b5 7. Ne5 Nd5 8. a4 Bb7
9. b3 c3 10. e4 b4 11. exd5 Bxd5 12. Qh5 g6 13. Qh3 c5 14. Bg5 Qxg5 15. Bxd5 Ra7
16. Nxc3 bxc3 17. Rfe1 Be7 18. Bxe6 fxe6 19. Qxe6 Nd7 20. Qf7+ 1-0

[Event "4NCL 2017-18"]
[Site "England ENG"]
[Date "2018.02.11"]
[Round "6.53"]
[White "Cooper, John G"]
[Black "Fodor, Tamas Jr."]
[Result "0-1"]
[WhiteTitle "IM"]
[BlackTitle "GM"]
[WhiteElo "2268"]
[BlackElo "2503"]
[WhiteTeam "West is Best"]
[BlackTeam "Cheddleton"]
[WhiteFideId "1800027"]
[BlackFideId "723762"]
[EventDate "2017.11.11"]

1. c4 e5 2. g3 Nc6 3. Nc3 Bc5 4. Bg2 d6 5. e3 a6 6. Nge2 Ba7 7. O-O h5 8. h4 Bg4
9. b4 Nge7 10. Rb1 Qc8 11. a4 Bh3 12. b5 Na5 13. d3 Bxg2 14. Kxg2 Qe6 15. Bd2
Bb6 16. e4 f5 17. exf5 Qxf5 18. Ne4 Nxc4 0-1

[Event "4NCL 2017-18"]
[Site "England ENG"]
[Date "2018.02.11"]
[Round "6.54"]
[White "Williams, Simon K"]
[Black "Kett, Tim"]
[Result "1-0"]
[WhiteTitle "GM"]
[WhiteElo "2460"]
[BlackElo "2215"]
[WhiteTeam "Cheddleton"]
[BlackTeam "West is Best"]
[WhiteFideId "404454"]
[BlackFideId "1801210"]
[EventDate "2017.11.11"]

1. d4 d5 2. c4 e6 3. Nc3 Be7 4. Nf3 Nf6 5. Bg5 O-O 6. e3 Nbd7 7. Qc2 a6 8. c5 c6
9. Bd3 b6 10. cxb6 Qxb6 11. O-O h6 12. Na4 Qa5 13. Bxf6 Bxf6 14. Qxc6 Rb8 15. b3
e5 16. dxe5 Nxe5 17. Nxe5 Bxe5 18. Rac1 Bb7 19. Qd7 Rfd8 20. Qf5 Bf6 21. Rc5 1-0

[Event "4NCL 2017-18"]
[Site "England ENG"]
[Date "2018.02.11"]
[Round "6.55"]
[White "Phillips, Roy"]
[Black "Kirk, Ezra"]
[Result "0-1"]
[WhiteTitle "FM"]
[BlackTitle "IM"]
[WhiteElo "2170"]
[BlackElo "2420"]
[WhiteTeam "West is Best"]
[BlackTeam "Cheddleton"]
[WhiteFideId "404136"]
[BlackFideId "600067"]
[EventDate "2017.11.11"]

1. e4 e6 2. d4 d5 3. Nd2 Be7 4. Bd3 Nf6 5. Ngf3 c5 6. c3 cxd4 7. cxd4 dxe4 8.
Nxe4 O-O 9. O-O Nbd7 10. Nc3 b6 11. Qe2 Bb7 12. Be3 Nd5 13. Rac1 Qb8 14. Rfd1
Rd8 15. Bb1 a6 16. Bd2 N7f6 17. Ne5 Nxc3 18. Bxc3 Bd5 19. Rd3 Qb7 20. Rg3 Rac8
21. Re1 b5 22. a3 b4 23. axb4 Bxb4 24. Qd2 Bf8 25. Qf4 Qe7 26. Qh4 g6 27. f4 Ne8
28. Qxe7 Bxe7 29. Ba5 Bh4 30. Bxd8 Rxd8 31. Bd3 a5 32. Ra1 Bxg3 33. hxg3 Rb8 34.
Bc4 Be4 35. b3 Ra8 36. Re1 Bb7 37. Nd7 Nd6 38. Bd3 Rc8 39. Nc5 Bd5 40. Ra1 Ra8
41. g4 h6 42. Kf2 Kg7 43. g3 g5 44. Ke3 f5 45. Be2 fxg4 46. Bxg4 Nf5+ 47. Kd3
Kg6 48. Re1 gxf4 49. gxf4 Rb8 50. Bd1 Rb4 51. Nxe6 Kf6 52. Nc7 Rxd4+ 53. Kc3 Bf7
54. Rh1 Rxf4 55. Rh2 Rf1 56. Bc2 h5 57. Nb5 Rf3+ 58. Kb2 h4 59. b4 axb4 60. Bxf5
Rxf5 61. Rxh4 Rxb5 0-1

[Event "4NCL 2017-18"]
[Site "England ENG"]
[Date "2018.02.11"]
[Round "6.56"]
[White "Arkell, Keith C"]
[Black "Visa Jordana, Joel"]
[Result "1-0"]
[WhiteTitle "GM"]
[WhiteElo "2414"]
[BlackElo "2222"]
[WhiteTeam "Cheddleton"]
[BlackTeam "Grantham Sharks"]
[WhiteFideId "400270"]
[BlackFideId "22201823"]
[EventDate "2017.11.11"]

1. Nf3 Nf6 2. c4 e6 3. Nc3 d5 4. cxd5 exd5 5. d4 Bb4 6. Qa4+ Nc6 7. Bg5 O-O 8.
e3 h6 9. Bxf6 Qxf6 10. Be2 Rd8 11. O-O Bxc3 12. bxc3 Bf5 13. c4 Ne7 14. Rac1 c6
15. Qb3 Rab8 16. a4 Bg4 17. h3 dxc4 18. Qxc4 Be6 19. Qc5 a6 20. a5 Nd5 21. Rb1
Qe7 22. Qxe7 Nxe7 23. Rb2 Nd5 24. Rc1 Nc7 25. Ne5 Kf8 26. h4 f6 27. Nd3 Ke7 28.
Nc5 Nb5 29. h5 Kd6 30. g4 Re8 31. Kh2 Re7 32. Kg3 Rf8 33. Bd3 Bc8 34. Kf4 Rfe8
35. Ne4+ Kd7 36. Rbc2 Nd6 37. Nc5+ Kc7 38. d5 Bd7 39. Nxd7 1-0

[Event "4NCL 2017-18"]
[Site "England ENG"]
[Date "2018.02.11"]
[Round "6.57"]
[White "Jones, Steven A"]
[Black "Eggleston, David J"]
[Result "1-0"]
[BlackTitle "IM"]
[WhiteElo "2225"]
[BlackElo "2407"]
[WhiteTeam "West is Best"]
[BlackTeam "Cheddleton"]
[WhiteFideId "419630"]
[BlackFideId "412120"]
[EventDate "2017.11.11"]

1. c4 Nf6 2. Nc3 e6 3. e4 d5 4. e5 d4 5. exf6 dxc3 6. bxc3 Qxf6 7. Nf3 e5 8. Bd3
Bg4 9. Be4 Nd7 10. h3 Bf5 11. Qc2 Bxe4 12. Qxe4 O-O-O 13. d4 exd4 14. Bg5 Qg6
15. Qxg6 Re8+ 16. Be3 hxg6 17. cxd4 c5 18. d5 Ne5 19. Nxe5 Rxe5 20. Ke2 Bd6 21.
Rab1 Rhe8 22. Kd3 R5e7 23. Rb5 Rc7 24. a4 f6 25. Re1 f5 26. Re2 Rce7 27. Ra2 Rc7
28. Bg5 Re4 29. Re2 Rxe2 30. Kxe2 Rf7 31. Rb3 Rf8 32. Re3 Kd7 33. Kf3 Re8 34.
Rxe8 Kxe8 35. Bf4 Be7 36. Be5 Kf7 37. Kf4 a6 38. f3 Bd8 39. Bd6 b6 40. Be5 Kf8
41. g4 fxg4 42. fxg4 g5+ 43. Kf5 Kf7 44. Bb8 g6+ 45. Ke5 Ke7 46. Bd6+ Kf7 47.
Ke4 Ke8 48. Ke5 Kf7 49. Bb8 Ke7 50. a5 bxa5 51. Bd6+ Kd7 52. Bxc5 a4 53. Ba3 Ba5
54. Kd4 Be1 55. c5 Bf2+ 56. Kc4 Be1 57. c6+ Kc7 58. Kc5 Bg3 59. Kb4 Kd6 60. Kc4+
Kc7 61. Be7 Be1 62. Bxg5 Ba5 63. Be7 Bd2 64. h4 Be1 65. h5 gxh5 66. gxh5 Bd2 67.
Bf8 1-0

[Event "4NCL 2017-18"]
[Site "England ENG"]
[Date "2018.02.11"]
[Round "6.58"]
[White "Steil-Antoni, Fiona"]
[Black "Blackburn, Jonathan L B"]
[Result "1/2-1/2"]
[WhiteTitle "WIM"]
[WhiteElo "2200"]
[BlackElo "2200"]
[WhiteTeam "Cheddleton"]
[BlackTeam "West is Best"]
[WhiteFideId "4001249"]
[BlackFideId "1801090"]
[EventDate "2017.11.11"]

1. e4 e6 2. d4 d5 3. Nc3 h6 4. exd5 exd5 5. Bd3 Nf6 6. h3 c5 7. dxc5 Bxc5 8. Qf3
Nc6 9. Nge2 O-O 10. Bf4 Re8 11. g4 Nd4 12. Qg2 Nxe2 13. Nxe2 Ne4 14. O-O Qf6 15.
Rad1 Be6 16. Bc1 Qe5 17. Nf4 Rac8 18. Nh5 g6 19. Nf4 Kg7 20. Kh1 Qd4 21. c3 Qa4
22. Rde1 Qxa2 23. f3 Nf6 24. Qd2 Ng8 25. Bxg6 d4 26. Bc2 Qc4 27. Nh5+ Kf8 28.
Nf6 dxc3 29. Nh7+ Kg7 30. bxc3 Bd5 31. Kg2 Bd6 32. g5 Qh4 33. gxh6+ Nxh6 34.
Qxh6+ Qxh6 35. Bxh6+ Kxh6 36. Rxe8 Rxe8 37. Nf6 Re2+ 38. Rf2 Rxf2+ 39. Kxf2 Bc6
40. Be4 Bxe4 41. Nxe4 Be7 42. c4 Bb4 43. Ke3 f5 44. Nf6 Kg5 45. Nd5 Bc5+ 46. Kd3
Kh4 47. Nf4 Kg3 48. Ne6 b6 49. Ng7 f4 50. Ke4 Kxh3 51. Nh5 a5 52. Nxf4+ Kh4 53.
Ne2 a4 54. Kd3 a3 55. Kc2 Kh3 56. Kb3 Kg2 57. Nc3 Kxf3 58. Nd5 Ke4 59. Nxb6 1/2-1/2

[Event "4NCL 2017-18"]
[Site "England ENG"]
[Date "2018.02.11"]
[Round "6.61"]
[White "Fernandez, Daniel Howard"]
[Black "Gormally, Daniel W"]
[Result "1-0"]
[WhiteTitle "GM"]
[BlackTitle "GM"]
[WhiteElo "2487"]
[BlackElo "2484"]
[WhiteTeam "Guildford"]
[BlackTeam "Blackthorne Russia"]
[WhiteFideId "5801605"]
[BlackFideId "406465"]
[EventDate "2017.11.11"]

1. Nc3 c6 2. Nf3 d5 3. e4 Bg4 4. h3 Bxf3 5. Qxf3 e6 6. a3 Nf6 7. d4 dxe4 8. Qe3
Nbd7 9. Nxe4 Nxe4 10. Qxe4 Be7 11. Be2 Qa5+ 12. c3 Bg5 13. f4 Bh4+ 14. Kf1 O-O
15. g3 Be7 16. Kg2 Qc7 17. Bf3 Nf6 18. Qe5 Bd6 19. Qe2 Rac8 20. b4 b6 21. Rd1 c5
22. dxc5 bxc5 23. b5 Rfe8 24. Bc6 Red8 25. Be3 e5 26. fxe5 Bxe5 27. Bxc5 Bxg3
28. Qe7 1-0

[Event "4NCL 2017-18"]
[Site "England ENG"]
[Date "2018.02.11"]
[Round "6.62"]
[White "Hunt, Adam C"]
[Black "Flear, Glenn C"]
[Result "1/2-1/2"]
[WhiteTitle "IM"]
[BlackTitle "GM"]
[WhiteElo "2401"]
[BlackElo "2444"]
[WhiteTeam "Blackthorne Russia"]
[BlackTeam "Guildford"]
[WhiteFideId "403970"]
[BlackFideId "400165"]
[EventDate "2017.11.11"]

1. e4 e5 2. Nf3 Nc6 3. Bb5 a6 4. Ba4 Nf6 5. O-O Be7 6. Re1 b5 7. Bb3 d6 8. c3
O-O 9. h3 Na5 10. Bc2 c5 11. d4 Qc7 12. Nbd2 cxd4 13. cxd4 Nc6 14. d5 Nb4 15.
Bb1 a5 16. Nf1 Bd7 17. Ne3 Rfc8 18. Nh2 g6 19. Bd2 Na6 20. Qf3 h5 21. Qg3 Nh7
22. Nf3 Kh8 23. Bc2 Qd8 24. Rac1 Nc5 25. Bb1 Ng5 26. Nxg5 Bxg5 27. Nf1 Bxd2 28.
Nxd2 Qf6 1/2-1/2

[Event "4NCL 2017-18"]
[Site "England ENG"]
[Date "2018.02.11"]
[Round "6.63"]
[White "Trent, Lawrence"]
[Black "Hunt, Harriet V"]
[Result "1/2-1/2"]
[WhiteTitle "IM"]
[BlackTitle "IM"]
[WhiteElo "2417"]
[BlackElo "2439"]
[WhiteTeam "Guildford"]
[BlackTeam "Blackthorne Russia"]
[WhiteFideId "408638"]
[BlackFideId "403512"]
[EventDate "2017.11.11"]

1. e4 c5 2. b3 e6 3. Bb2 Nf6 4. e5 Nd5 5. Nf3 Nc6 6. g3 Be7 7. Bg2 O-O 8. O-O b5
9. Na3 Rb8 10. Nxb5 Rxb5 11. c4 Rb6 12. cxd5 exd5 13. d4 cxd4 14. Nxd4 Nxe5 15.
Nf5 Bf6 16. Bd4 Ba6 17. Bxb6 Qxb6 18. Qxd5 Bxf1 19. Rxf1 Qe6 20. Ne3 Bd8 21. Qd1
Re8 22. h3 Qa6 23. a4 Nd3 24. Nc4 Qg6 25. Qg4 Qxg4 26. hxg4 Ne1 27. Ne3 Ba5 28.
Bd5 g6 29. Ng2 Re5 30. Nxe1 Rxd5 31. Nc2 Rd2 32. Ne3 d5 33. Rd1 Rxd1+ 34. Nxd1
Kf8 35. Kf1 Ke7 36. Ke2 Kd6 37. Ne3 Bb6 38. b4 Ke5 39. Kd3 a6 40. f4+ Ke6 41. g5
Ba7 42. Ng4 Kf5 43. Ne3+ Ke6 44. Ke2 Bd4 45. Nc2 Ba7 46. Kf3 f6 47. gxf6 Kxf6
48. Ne1 g5 49. fxg5+ Kxg5 50. Nd3 Kf5 51. g4+ Kf6 52. Kg3 1/2-1/2

[Event "4NCL 2017-18"]
[Site "England ENG"]
[Date "2018.02.11"]
[Round "6.64"]
[White "Ledger, Andrew J"]
[Black "Zhou, Yang-Fan"]
[Result "1/2-1/2"]
[WhiteTitle "IM"]
[BlackTitle "IM"]
[WhiteElo "2369"]
[BlackElo "2440"]
[WhiteTeam "Blackthorne Russia"]
[BlackTeam "Guildford"]
[WhiteFideId "400610"]
[BlackFideId "468584"]
[EventDate "2017.11.11"]

1. d4 g6 2. e4 Bg7 3. Nf3 d6 4. Bc4 Nf6 5. Qe2 Nc6 6. c3 e5 7. dxe5 Nxe5 8. Nxe5
dxe5 9. O-O O-O 10. Rd1 Qe7 11. b3 Rd8 12. Rxd8+ Qxd8 13. Nd2 Ne8 14. Ba3 Qf6
15. Rd1 Bf8 16. Bxf8 Kxf8 17. Qe3 Kg7 18. Be2 b6 19. h3 Bb7 20. Nc4 Qe7 21. Qg3
Bxe4 22. Qxe5+ Qxe5 23. Nxe5 Nd6 24. f3 Bb7 1/2-1/2

[Event "4NCL 2017-18"]
[Site "England ENG"]
[Date "2018.02.11"]
[Round "6.65"]
[White "Sarakauskas, Gediminas"]
[Black "Ansell, Simon T"]
[Result "1-0"]
[WhiteTitle "IM"]
[BlackTitle "IM"]
[WhiteElo "2424"]
[BlackElo "2342"]
[WhiteTeam "Guildford"]
[BlackTeam "Blackthorne Russia"]
[WhiteFideId "12800724"]
[BlackFideId "402141"]
[EventDate "2017.11.11"]

1. d4 e6 2. e4 d5 3. Nd2 Nf6 4. e5 Nfd7 5. Bd3 c5 6. c3 Nc6 7. Ne2 cxd4 8. cxd4
f6 9. exf6 Nxf6 10. O-O Bd6 11. Nf3 O-O 12. Bf4 Bxf4 13. Nxf4 Ng4 14. g3 Qf6 15.
h3 Nh6 16. h4 Nf7 17. Bb5 Ncd8 18. Re1 Nd6 19. Bd3 g6 20. Ne5 N6f7 21. Nf3 Bd7
22. Bf1 Nc6 23. Bb5 Rac8 24. Rc1 Nfd8 25. Rc3 a6 26. Bf1 Qg7 27. Bh3 Rxf4 28.
gxf4 Qf6 29. Qd2 Nf7 30. h5 gxh5 31. Ne5 Nfxe5 32. fxe5 Qe7 33. Kh2 Kh8 34. Rg1
Rf8 35. Rcg3 Be8 36. Qh6 Qf7 37. Bxe6 1-0